| 000 | 00700nam a22002297a 4500 | ||
|---|---|---|---|
| 001 | 43880 | ||
| 003 | UA-OsUOA | ||
| 005 | 20230912143203.0 | ||
| 007 | ta | ||
| 008 | 20070129b un ||||| |||| 00| 0 ukr d | ||
| 040 |
_aUA-OsUOA _bukr _cUA-OsUOA _dUA-OsUOA |
||
| 041 | _aukr | ||
| 080 | _a297 | ||
| 090 |
_a297 _bІ-99 |
||
| 100 | _aІбрагім І. А. | ||
| 245 |
_aКороткий ілюстрований путівник для розуміння ісламу _cІ. А. Ібрагім ; пер. на укр. Михайла Якубовича |
||
| 260 |
_aК. _c1997 |
||
| 300 | _a90 с. | ||
| 650 | 7 |
_a29 Нехристиянські релігії _2UDC |
|
| 942 |
_cBK _2udc |
||
| 955 | _a2 | ||
| 999 |
_c329994 _d329994 |
||